Лексико-семантичний аналіз політичного дискурсу у вербальній стратегії політичної діяльності (Запис № 283938)

МАРК-запис
000 -LEADER
fixed length control field 01753nam a22001577a 4500
041 ## - LANGUAGE CODE
Language code of text/sound track or separate title ukr
080 ## - UNIVERSAL DECIMAL CLASSIFICATION NUMBER
Universal Decimal Classification number 09
090 ## - LOCALLY ASSIGNED LC-TYPE CALL NUMBER (OCLC); LOCAL CALL NUMBER (OCLC)
Local cutter number (OCLC) ; Book number/undivided call number, CALL (RLIN) ГОР
100 ## - MAIN ENTRY--PERSONAL NAME
Personal name Горчак О.В.
245 ## - TITLE STATEMENT
Title Лексико-семантичний аналіз політичного дискурсу у вербальній стратегії політичної діяльності
260 ## - PUBLICATION, DISTRIBUTION, ETC. (IMPRINT)
Place of publication, distribution, etc Острог
Name of publisher, distributor, etc КАФ
Date of publication, distribution, etc 2007
300 ## - PHYSICAL DESCRIPTION
Extent 52
520 ## - SUMMARY, ETC.
Summary, etc Вступ<br/>Розділ 1. Фундаментальні концепції та та термінологія політичної конюнктури.<br/>1.1 Конотативне та денотативне значення слів "політика", "політик", "політичний".<br/>1.2 Політичні терміни<br/>1.3 Політичні ярлики (на прикладі США та Канади)<br/>Розділ 2. Семантико-стилістичні засоби політичної ідеології та культури.<br/>2.1 Метіфора та метонімія<br/>2.2 Аналогія<br/>2.3 Сатира та іронія (на прикладі твору Дж. Свіфта "Подорожі Гулівера")<br/>Розділ 3. Проблема маніпулювання та засоби переконання у політиці<br/>3.1 Поняття "маніпуляції" та "маніпулювання особистістю"<br/>3.2 Прийоми інформаційного-психологічного впливу<br/>3.3 Мовні засоби переконання<br/>Висновки<br/>Список використаної літератури<br/>Додатки
-- політичний дискурс, дискурс, лексикологія
650 ## - SUBJECT ADDED ENTRY--TOPICAL TERM
Topical term or geographic name as entry element Research Papers
942 ## - ADDED ENTRY ELEMENTS (KOHA)
Koha item type Книги
Фонди
Withdrawn status Lost status Source of classification or shelving scheme Damaged status Not for loan Home library Current library Date acquired Source of acquisition Cost, normal purchase price Total Checkouts Full call number Barcode Date last seen Price effective from Koha item type
    Universal Decimal Classification     ВІЛ - Відділ іноземн. літератури НБ ВІЛ - Відділ іноземн. літератури НБ 16/04/2009 Акт №1 1.00   09 213270 20/12/2021 16/04/2009 Книги